| 000 | 00696nam a22002057a 4500 | ||
|---|---|---|---|
| 999 |
_c178858 _d178858 |
||
| 005 | 20210419152016.0 | ||
| 010 | _aENG-129469 | ||
| 020 |
_c800.00 _a978-93-88016-81-0 |
||
| 035 | _aEN-113001 | ||
| 037 | _bDBAD/PUB | ||
| 082 | _a158.1 | ||
| 100 | _aSuneela Esther, M. | ||
| 245 |
_aUnderstanding the Self : _b/ _cFarzana Shehla, S. Radhika, G.K. Nanda |
||
| 250 | _a2020 | ||
| 260 |
_aHyderabad _bNeelkamal Publications Pvt. Ltd. _c2020 |
||
| 270 |
_aSultan Bazar, Hyderabad _bHyderabad _e500095 _k24757140 _mneelkamalbooks@gmail.com |
||
| 300 |
_a216.p _c24cm(hbk) _bBibliography, index |
||
| 700 | _aShehla Farzana, Radhika S., Nanda G.K. | ||
| 942 |
_2ddc _cEN _h158.1 _mSUN |
||